Психолінгвістичні особливості та лексико-стилістичні засоби вираження емоцій в творчості Крістофера Корнера на матеріалі текстів пісень та блогу (Запис № 285372)

МАРК-запис
000 -LEADER
fixed length control field 01719nam a22001577a 4500
041 ## - LANGUAGE CODE
Language code of text/sound track or separate title ukr
080 ## - UNIVERSAL DECIMAL CLASSIFICATION NUMBER
Universal Decimal Classification number 09
090 ## - LOCALLY ASSIGNED LC-TYPE CALL NUMBER (OCLC); LOCAL CALL NUMBER (OCLC)
Local cutter number (OCLC) ; Book number/undivided call number, CALL (RLIN) ЛОП
100 ## - MAIN ENTRY--PERSONAL NAME
Personal name Лопоносова, Т. О.
245 ## - TITLE STATEMENT
Title Психолінгвістичні особливості та лексико-стилістичні засоби вираження емоцій в творчості Крістофера Корнера на матеріалі текстів пісень та блогу
260 ## - PUBLICATION, DISTRIBUTION, ETC. (IMPRINT)
Place of publication, distribution, etc Острог
Name of publisher, distributor, etc КАФ
Date of publication, distribution, etc 2014
300 ## - PHYSICAL DESCRIPTION
Extent 65
520 ## - SUMMARY, ETC.
Summary, etc Вступ.<br/>Розділ І. Етнопсихологічна детермінованість вираження емоцій в англійській мовній картині світу.<br/>1.1. Психолінгвістичні особливості вираження емоцій в англомовному лінгвосоціокультурному просторі<br/>1.2. Особливості лінгвістичного вираження емоцій в англійській мовній картині світу<br/>Розділ ІІ. Емоційні та лексико-стилістичні характеристики англомовного тексту (на прикладі мови блогів та текстів пісень Крістофера Корнера).<br/>2.1. Лексико-стилістичний аналіз англомовного тексту<br/>2.2. Контент-аналіз емоційної складової мовлення Крістофера Корнера<br/>Висновки.<br/>Список використаних джерел.
-- психолінгвістика, К. Корнер
650 ## - SUBJECT ADDED ENTRY--TOPICAL TERM
Topical term or geographic name as entry element Research Papers
942 ## - ADDED ENTRY ELEMENTS (KOHA)
Koha item type Книги
Фонди
Withdrawn status Lost status Source of classification or shelving scheme Damaged status Not for loan Home library Current library Date acquired Source of acquisition Cost, normal purchase price Total Checkouts Full call number Barcode Date last seen Price effective from Koha item type
    Universal Decimal Classification     ВІЛ - Відділ іноземн. літератури НБ ВІЛ - Відділ іноземн. літератури НБ 17/06/2014 Акт №8 1.00   09 215622 09/11/2021 17/06/2014 Книги